000 01157nam a2200301 i 4500
003 EG-GICUC
005 20260121101156.0
008 251108s1964 fr d|||f |||| 000 0 fre d
040 _aEG-GiCUC
_bfre
_cEG-GiCUC
_dEG-GiCUC
_eRda
041 0 _afre
082 0 4 _221
_a338.9
_bTH . E
092 0 4 _221
099 _aLaw1 13 338.9 TH . E 1964
100 1 _aThorp, Willard L.
_eAuteur
245 1 0 _aEfforts Et Politiques D'aide Au Developpement Poursuivis Par Les Membres Du Comité D'aide Au Développement :
_bExamen 1964 \
_cWillard L. Thorp.
264 _aParis :
_bOrganisation De Coopération Et De Développement Économiques,
_c1964.
300 _a130 page :
_billustration ; tableaux
_c 24 cm.
336 _2rda contenu
_a texte
337 _2rda medias
_aOrdinateur
338 _2 transporteur rda
_a Ressource en ligne
500 _aRapport De Willard L. Thorp Président Du Comité D'aide Au Développement
546 _aTexte en français
650 1 _aFinances publiques et législation fiscale
_2qrmak
651 1 _2qrmak
856 4 0 _uhttps://fll.law.cu.edu.eg/fulltext/bks/B13-05416.pdf
905 _a70
942 _2ddc
_cBK
_e21
_n0
999 _c41722
_d41722